00660nam a2200205Ia 4500003000900000008004100009020001800050040001600068080001300084100002600097245010600123250001200229260004200241300001400283650001900297650001600316942000700332999001500339952010000354IN-BaIIA211028s9999 xx 000 0 eng d a0-442-05939-6 cIIA Library a772bNEB aNeblette, C. B.92070 0aPhotography its materials and processescC. B. Neblette  a6th ed. aNew YorkbVan Nostrand Reinholdc1962 avi, 506p. aNASA Thesaurus aPhotography cBK c5430d5430 00104070aBANbBANcGENd1977-03-23l0o772/777/ NEBp6069r2021-11-05w1977-03-23yBK 67.50